30 biggest European cities by letter (with a map) -V - Statistics

General Stats
  • This quiz has been taken 730 times
    702 since last reset
  • The average score is 14 of 30
Answers on the Map
Answers color-coded by a green-red scale on the quiz's map according to % correct below.
 
Answer Stats
Answer Population % Correct
Valencia 790 201
98%
Vienna 1 840 573
98%
Vilnius 532 762
95%
Venice 261 905
89%
Verona 257 943
85%
Varna 348 058
80%
Vigo 292 817
73%
Voronezh 1 032 382
68%
Valladolid 301 876
65%
Versailles 85 862
58%
Vantaa 214 605
51%
Vitebsk 373 880
47%
Vitoria-Gasteiz 244 634
47%
Västerås 110 877
43%
Vicenza 112 408
41%
Volos 144 420
38%
Villeurbanne 148 543
36%
Vladimir 354 827
32%
Venlo 101 578
31%
Vinnytsia 372 432
31%
Varese 80 588
29%
Vila Nova de Gaia 186 503
28%
Villingen 85 838
27%
Vologda 312 686
26%
Vitry-sur-Seine 83 650
18%
Viersen 75 300
17%
Vaslui 100 170
13%
Velbert 81 842
13%
Vlaardingen 72 404
8%
Voskresensk 92 911
2%
No matching quizzes found
Score Distribution
Percent of People with Each Score
Percentile by Number Answered
Your Score History
You have not taken this quiz since the last reset